Las Moradas

Salvato in:
Dettagli Bibliografici
Autore principale: Santa Teresa
Natura: Libro
Lingua:Undetermined
Pubblicazione: Madrid, España Ediciones de "La lectura" 1910
Soggetti:
Tags: Aggiungi Tag
Nessun Tag, puoi essere il primo ad aggiungerne!!

MARC

LEADER 00000nam a2200000Ia 4500
008 170316s9999 xx 000 0 und d
040 |a cru BVZT 
090 |a CL 
100 |a Santa Teresa 
245 |a Las Moradas 
260 |a Madrid, España 
260 |b Ediciones de "La lectura" 
260 |c 1910 
300 |a 329 páginas (Nº 1) 
650 |a LITERATURA CLÁSICA 
999 |c 14890  |d 14890 
942 |c 15 D  |h CL  |2 z